| 000 -LEADER | |
|---|---|
| fixed length control field | 00866cam a22002894i 4500 |
| 001 - CONTROL NUMBER | |
| control field | 17855582 |
| 003 - CONTROL NUMBER IDENTIFIER | |
| control field | OSt |
| 005 - DATE AND TIME OF LATEST TRANSACTION | |
| control field | 20250417103335.0 |
| 008 - FIXED-LENGTH DATA ELEMENTS--GENERAL INFORMATION | |
| fixed length control field | 130816s2014 njua 001 0 eng |
| 010 ## - LIBRARY OF CONGRESS CONTROL NUMBER | |
| LC control number | 2013033542 |
| 020 ## - INTERNATIONAL STANDARD BOOK NUMBER | |
| International Standard Book Number | 9781119666141 |
| 020 ## - INTERNATIONAL STANDARD BOOK NUMBER | |
| International Standard Book Number | 9781118474228 |
| 040 ## - CATALOGING SOURCE | |
| Original cataloging agency | DLC |
| Language of cataloging | eng |
| Transcribing agency | KCST |
| 042 ## - AUTHENTICATION CODE | |
| Authentication code | pcc |
| 050 00 - LIBRARY OF CONGRESS CALL NUMBER | |
| Classification number | QA184.2 |
| Item number | .A58 2014 |
| 082 00 - DEWEY DECIMAL CLASSIFICATION NUMBER | |
| Classification number | 512.5 |
| Edition information | 23 |
| Item number | An El |
| 100 1# - MAIN ENTRY--PERSONAL NAME | |
| Personal name | Anton, Howard, |
| Relator term | author. |
| 9 (RLIN) | 4700 |
| 245 10 - TITLE STATEMENT | |
| Title | Elementary linear algebra : |
| Remainder of title | applications version / |
| Statement of responsibility, etc. | Howard Anton, Chris Rorres, Anton Kaul |
| 250 ## - EDITION STATEMENT | |
| Edition statement | 12th |
| Remainder of edition statement | EMEA edition |
| 260 ## - PUBLICATION, DISTRIBUTION, ETC. | |
| Place of publication, distribution, etc. | Hoboken, NJ : |
| Name of publisher, distributor, etc. | John Wiley & Sons Inc., |
| Date of publication, distribution, etc. | 2019. |
| 300 ## - PHYSICAL DESCRIPTION | |
| Extent | Various p. |
| Other physical details | illustrations ; |
| Dimensions | 26 cm. |
| 500 ## - GENERAL NOTE | |
| General note | Includes index. |
| 650 #0 - SUBJECT ADDED ENTRY--TOPICAL TERM | |
| Topical term or geographic name entry element | Linear algebra |
| Form subdivision | Textbooks. |
| 9 (RLIN) | 4944 |
| 700 1# - ADDED ENTRY--PERSONAL NAME | |
| Personal name | Rorres, Chris, |
| Relator term | author. |
| 9 (RLIN) | 4702 |
| 710 ## - ADDED ENTRY--CORPORATE NAME | |
| Corporate name or jurisdiction name as entry element | Kaul, Anton |
| 9 (RLIN) | 5644 |
| 942 ## - ADDED ENTRY ELEMENTS (KOHA) | |
| Source of classification or shelving scheme | Dewey Decimal Classification |
| Koha item type | Book |
| Withdrawn status | Lost status | Source of classification or shelving scheme | Damaged status | Not for loan | Home library | Current library | Date acquired | Cost, normal purchase price | Total checkouts | Full call number | Barcode | Date last seen | Cost, replacement price | Price effective from | Koha item type | Source of acquisition |
|---|---|---|---|---|---|---|---|---|---|---|---|---|---|---|---|---|
| Dewey Decimal Classification | KCST Library | KCST Library | 10/03/2022 | 11.80 | 512.5 An El | 1000001050 | 10/03/2022 | 11.80 | 10/03/2022 | Course Textbook | ||||||
| Dewey Decimal Classification | KCST Library | KCST Library | 01/09/2025 | 19.18 | 512.5 An El | 1000001684 | 11/12/2025 | 01/09/2025 | Course Textbook | COSTHE-PO-000591 | ||||||
| Dewey Decimal Classification | KCST Library | KCST Library | 01/09/2025 | 19.18 | 512.5 An El | 1000001685 | 11/12/2025 | 01/09/2025 | Course Textbook | COSTHE-PO-000591 |